| 000 | 00627nam a2200205 a 4500 | ||
|---|---|---|---|
| 005 | 20240503063713.0 | ||
| 008 | 030523s2002 mx r 000 0 spa d | ||
| 020 | _a9701035275 | ||
| 035 | _aUPN01000124541 | ||
| 049 | _aCG | ||
| 050 | 4 |
_aHC79 C6 _bA7.2 |
|
| 100 | 1 | _aArellano Cueva, Rolando | |
| 245 | 1 | 0 |
_aComportamiento del consumidor : _benfoque América Latina / _cRolando Arellano Cueva. |
| 260 |
_aMéxico : _bMcGraw-Hill Interamericana, _c2002. |
||
| 300 |
_axxii, 457 p. : _bil., cuadros |
||
| 650 | 4 |
_aCONSUMIDORES _912251 |
|
| 650 | 4 |
_aConsumo (Economía) _96948 |
|
| 650 | 2 |
_aMercadotecnia _95626 |
|
| 905 | _aLibro | ||
| 999 |
_c96720 _d96720 |
||